Statistiques concernant Club de Bundesliga 2023/2024

Cliquez ici pour prendre le quiz!

Statistiques générales

  • Ce quiz a été pris 264 fois
    (131 depuis la dernière actualisation)
  • Le résultat moyen est 13 sur 18

Statistiques - réponses

Réponse% Correct
Bayer Leverkusen
100%
Borussia Dortmund
98%
RB Leipzig
92%
Bayern Munich
87%
Eintracht Francfort
87%
FC Cologne
86%
Union Berlin
86%
SC Fribourg
73%
FSV Mayence 05
72%
Werder Brême
71%
VfB Stuttgart
68%
TSG Hoffenheim
66%
VFL Wolfsbourg
61%
Mönchengladbach
59%
FC Augsbourg
53%
VfL Bochum
50%
Darmstadt 98
32%
FC Heidenheim
31%

Distribution des résultats

Percentile par nombre de réponses

% des personnes avec chaque résultat

Votre développement - résultats

Vous n’avez pas pris ce quiz depuis la dernière actualisation